LEADER 01342nam0-22003971i-450- 001 990005526630203316 005 20050707120000.0 035 $a000552663 035 $aUSA01000552663 035 $a(ALEPH)000552663USA01 035 $a000552663 100 $a20050707d1971-------|0itac50------ba 101 $aita 102 $aIT 105 $a|||| ||||| 200 1 $aRacconto dei tempi passati$ecronaca russa del secolo XII$fa cura di Itala Pia Sbriziolo$gcon un saggio introduttivo di Dmitrij S. Lichacev - Torino : Einaudi, 1971 - CXXIII, 190 p.$g22 225 2$aBiblioteca di cultura storica$v115 410 1$12001$aBiblioteca di cultura storica$v115 606 $aRUSSIA$xStoria$xFonti$xSec. 12.$2FI 620 $dTorino 676 $a947.02$cRUSSIA. STORIA. Periodo di Kiev,862-1240$v21 702 1$aLIHACEV,$bDmitrij Sergeevic 702 1$aSBRIZIOLO,$bItala Pia 712 $aEinaudi 801 $aIT$bSOL$c20120104 912 $a990005526630203316 950 $aDIP.TO SCIENZE ECONOMICHE - (SA)$dDS 900 947.02 SBR$e1156 DISES 951 $a900 947.02 SBR$b1156 DISES 959 $aBK 969 $aDISES 979 $c20121027$lUSA01$h1532 979 $c20121027$lUSA01$h1613 979 $aPATRY$b90$c20160919$lUSA01$h1233 996 $aRacconto dei tempi passati$91130423 997 $aUNISA NUM $aUSA14403 LEADER 01534cam2-2200469---450- 001 990003482570203316 005 20110120101928.0 010 $a978-88-8416-230-4 035 $a000348257 035 $aUSA01000348257 035 $a(ALEPH)000348257USA01 035 $a000348257 100 $a20110113d2009----km-y0itay50------ba 101 1 $aita$cfre 102 $aIT 105 $aaf--||||001yy 200 1 $a<> tour Eiffel$fRoland Barthes$gtraduzione di Caterina Medici 210 $aMilano$cAbscondita$d2009 215 $a51 p., [16] carte di tav.$cill., 1 ritratto$d20 cm 225 2 $aMiniature$v73 410 0$1001000122511$12001$aMiniature$v, 73 454 0$12001$a<> tour Eiffel$935184 606 0 $aTour Eiffel $2BNCF 676 $a725.970944361 700 1$aBARTHES,$bRoland$036036 702 1$aMEDICI,$bCaterina 801 0$aIT$bsalbc$gISBD 912 $a990003482570203316 951 $aXII.2. Coll. 46/ 36$b226420 L.M.$cXII.2. Coll.$d00295237 959 $aBK 969 $aUMA 979 $aPASSARO$b90$c20110113$lUSA01$h0938 979 $aPASSARO$b90$c20110113$lUSA01$h0940 979 $aPASSARO$b90$c20110113$lUSA01$h0947 979 $aPASSARO$b90$c20110113$lUSA01$h0947 979 $aPASSARO$b90$c20110113$lUSA01$h0948 979 $aPASSARO$b90$c20110113$lUSA01$h0959 979 $aPASSARO$b90$c20110113$lUSA01$h1002 979 $aANNAMARIA$b90$c20110120$lUSA01$h1003 979 $aANNAMARIA$b90$c20110120$lUSA01$h1019 996 $aTour Eiffel$935184 997 $aUNISA